00651nam a2200205Ia 4500001000700000003000500007008004100012010001100053040000900064082001400073100002800087245005300115260008000168300001100248503004700259504002700306650003400333650002400367710005400391Z_4446CHAP220113s1984 xx 000 0 und d a167516 cCHAP a637.1 H65 aHolmes, Colín William aDairy production in New Zealand /cC. W. Holmes aNueva Zelandia :bMassey University :,bDairy Hausbandry Department,c1984 a229 p. aej.1: Donación de Raymundo Rangel Santos aIncluye bibliografía aGanado lecheroxNueva Zelanda aLechexProducción aI. Massey University: Dairy Hausbandry Department